Plots and characters in classic French fiction /

Bibliographic Details
Main Author: Hicks, Benjamin E.
Format: Book
Language:English
Published: Hamden, Conn. : Archon Books, 1981.
Series:Plots and characters series.
Subjects:

MARC

Tag First Indicator Second Indicator Subfields
LEADER 00000cam a2200000 a 4500
001 in00000088936
005 20151008063328.0
008 810310s1981 ctu 00010 eng
010 |a  81001709  
020 |a 0208017038 
035 |a (OCoLC)07273933 
035 |9 AAK2025AM 
040 |a DLC  |c DLC  |d TXA  |d UtOrBLW 
043 |a e-fr--- 
049 |a TXAM 
050 0 0 |a PQ631  |b .H5 
082 0 |a 843/.009/24  |2 19 
100 1 |a Hicks, Benjamin E. 
245 1 0 |a Plots and characters in classic French fiction /  |c Benjamin E. Hicks. 
264 1 |a Hamden, Conn. :  |b Archon Books,  |c 1981. 
300 |a xi, 253 pages ;  |c 22 cm. 
336 |a text  |b txt  |2 rdacontent 
337 |a unmediated  |b n  |2 rdamedia 
338 |a volume  |b nc  |2 rdacarrier 
490 1 |a The plots and characters series 
536 |a From the library of Harrison T. Meserole, 2002. 
650 0 |a French fiction  |x Stories, plots, etc. 
650 0 |a Characters and characteristics in literature. 
830 0 |a Plots and characters series. 
999 |a MARS 
999 f f |s d8d74fcc-ee86-3040-8875-8a6d0ee48838  |i 173a8009-0ecb-3def-ba60-a12dd7309a52  |t 0 
952 f f |p ric  |a Texas A&M University  |b Rellis Campus  |c Joint Library Facility  |s JLF  |d Remote Storage  |t 0  |e PQ631 .H5  |h Library of Congress classification  |i unmediated -- volume  |m A14806180059 
998 f f |a PQ631 .H5  |t 0  |l Remote Storage